Behaviorálne riešenia na zvýšenie ochoty prispievať bakalárska práca

Na minha lista:
Detalhes bibliográficos
Autor principal: Váňa, Jakub
Autor Corporativo: Národohospodárska fakulta EU. Katedra financií
Outros Autores: Péliová, Jana, 1976-
Formato: Livro
Idioma:eslovaco
Publicado em: Bratislava 2022
Tags: Adicionar Tag
Sem tags, seja o primeiro a adicionar uma tag!

MARC

LEADER 00000nbm a2200000 4500
001 0284992
005 20221021085618.9
041 0 |a slo 
044 |a SK 
245 1 0 |a Behaviorálne riešenia na zvýšenie ochoty prispievať  |b bakalárska práca  |c Jakub Váňa ; školiteľ: Jana Péliová 
264 1 |a Bratislava  |c 2022 
300 |a 46 s. 
100 1 |a Váňa, Jakub 
700 1 |a Péliová, Jana, 1976- 
710 2 |a Národohospodárska fakulta EU. Katedra financií